Statistics for SNL Guest Hosts - Season 41

Click here to take the quiz!

General Stats

  • This quiz has been taken 48 times
  • The average score is 12 of 21

Answer Stats

Premiere DateFamous ForMusical GuestGuest Host% Correct
October 3, 2015Hannah Montana, "Party in the USA", "Wrecking Ball"HerselfMiley Cyrus
100%
November 7, 2015The Celebrity Apprentice, Home Alone 2: Lost in New York, President of the United StatesSiaDonald Trump
78%
December 19, 2015(30 Rock, Sisters, Baby Mama), (Parks and Recreation, Inside Out, Sisters)Bruce Springsteen & the E Street BandTina Fey, Amy Poehler
78%
May 14, 2016"Hotline Bling", "One Dance", Degrassi:The Next GenerationHimselfDrake
74%
March 5, 201621 Jump Street, The LEGO Movie, SuperbadFutureJonah Hill
70%
October 10, 2015Trainwreck, Snatched, Price CheckThe WeekndAmy Schumer
67%
March 12, 2016Victorious, Sam & Cat, "Problem"HerselfAriana Grande
67%
December 5, 2015The Nice Guys, Notebook, DriveLeon BridgesRyan Gosling
59%
December 12, 2015Thor, In the Heart of the Sea, GhostbustersChance the RapperChris Hemsworth
56%
February 13, 2016Spy, Bridesmaids, The BossKanye WestMelissa McCarthy
56%
January 16, 2016Star Wars: Episode VII - The Force Awakens, Logan Lucky, J. EdgarChris StapletonAdam Driver
52%
February 6, 2016Curb Your Enthusiasm, Fridays, The Three StoogesThe 1975Larry David
52%
October 17, 201530 Rock, Fist Fight, RioDemi LovatoTracy Morgan
52%
May 21, 2016Portlandia, Anchorman: The Legend of Ron Burgundy, Cop OutCourtney BarnettFred Armisen
48%
April 16, 2016Seinfeld, The New Adventures of Old Christine, PlanesNick JonasJulia Louis-Dreyfus
48%
November 21, 2015Dallas Buyers Club, True Detective, SingAdeleMatthew McConaughey
48%
April 2, 2016Game of Thrones, The Angry Birds Movie, PixelsGwen StefaniPeter Dinklage
41%
April 9, 2016Noah, Gladiator, The Nice GuysMargo PriceRussell Crowe
41%
November 14, 2015The Hunger Games, The LEGO Movie, Power RangersDisclosureElizabeth Banks
37%
May 7, 2016Room, Kong: Skull Island, Don JonAlicia KeysBrie Larson
30%
January 23, 2016Battle of the Network Stars, Former UFC fighterSelena GomezRonda Rousey
30%

Score Distribution

Percentile by Number Answered

Percent of People with Each Score

Your Score History

You have not taken this quiz